| 000 | 00783nam a2200241ui 4500 | ||
|---|---|---|---|
| 999 |
_c2866 _d2866 |
||
| 001 | 022592208 | ||
| 003 | UkOxU | ||
| 005 | 20230829091004.0 | ||
| 008 | 210715s2021 enk|||| | |||| ||eng d | ||
| 020 | _a9781108810890 (pbk.) | ||
| 035 | _a(StEdALDL)1/4061214 | ||
| 040 |
_aStEdALDL _beng _erda _cStEdALDL _dUkOxU _dKH8 |
||
| 049 | _aCROBAR | ||
| 082 | _a428.24 BOY | ||
| 245 | 0 | 0 |
_aCambridge global English for Cambridge primary English as a second language. _pWorkbook 5 / _cJane Boylan & Claire Medwell. |
| 250 | _a2nd ed. | ||
| 264 | 1 |
_aCambridge : _bCambridge University Press, _c2021. |
|
| 300 |
_a 117 pages : _billustrations (black and white) ; _c27 cm |
||
| 336 |
_atext _2rdacontent |
||
| 337 |
_aunmediated _2rdamedia |
||
| 338 |
_avolume _2rdacarrier |
||
| 942 |
_2ddc _cTR |
||